| 000 | 01892nam0a2200349 4500 | ||
|---|---|---|---|
| 001 | RU\NLR\bibl\1699443 | ||
| 005 | 20260407150115.0 | ||
| 010 |
_a978-5-905083-17-4 _9500 |
||
| 021 |
_aRU _b2010-76613 _95107 |
||
| 035 | _a(nilc)RSL-KNO-004744013 | ||
| 035 | _a(NLR Aleph) 001690528 | ||
| 090 |
_a1157916 _c1157916 |
||
| 100 | _a20101011d2010 |||y0rusy50 ca | ||
| 101 | 0 |
_arus _abak |
|
| 102 | _aRU | ||
| 105 | _ay zzzz||||| | ||
| 200 | 1 |
_aДуванский район Республики Башкортостан _eнаселение. Населенные пункты. XVIII-XXI вв. _fМеждунар. союз общественных об-ний "Всемирный курултай (конгресс) башкир", Исполнительный ком. _g[отв. ред.: К. А. Аралбаев, М. В. Мурзабулатов] |
|
| 210 |
_aУфа _cМеждународный союз общественных объединений "Всемирный курултай (конгресс) башкир", Исполнительный комитет _d2010 |
||
| 215 |
_a31 с. _d20 |
||
| 300 | _aТекст рус., башкир. | ||
| 320 | _aБиблиогр.: с. 3-4 | ||
| 606 | 1 |
_aНаселение _jСборники _xНациональный состав _yБашкортостан, Республика _92607682 _3RU\NLR\auth\661544240 |
|
| 686 |
_aС73(2Р-6Б-5Дув)7,0 _2rubbk |
||
| 686 | _aС73(2Р-6Б)-234я43 | ||
| 702 | 1 |
_4340 _7ca _8rus _aАралбаев _bК. А. _f1941- _gКадим Абдулгалимович _977977 _3RU\NLR\auth\7795051 |
|
| 712 | 0 | 2 |
_4570 _aВсемирный курултай башкир _bИсполнительный комитет _9547307 _3RU\NLR\AUTH\8810024540 |
| 801 | 0 |
_aRU _bРГБ _c20101011 _grcr |
|
| 801 | 1 |
_aRU _bРГБ _c20101011 |
|
| 801 | 2 |
_aRU _bNLR _c20101113 _grcr |
|
| 942 | _cBOOK | ||
| 980 | _aNB | ||